000 00853cam8a220019300 4500
001 tmp15727953
003 UPRA
005 20190814132259.0
008 951013s1973 sz eng u
035 _a(Sirsi) r24185
035 _a(UPRA)tmp15727953
040 _cUPRA
100 1 _aBtesh, Simon.
_6A26884.1
245 1 0 _aDiseases of the gastrointestinal tract :
_bprovisional international nomenclature : a list of names of diseases recommended for international use as a compliment to the WHO international classification of diseases.
260 _aGeneva :
_bCouncil for International Organizations of Medical Sciences,
_c1973.
650 0 _aIntestines -- Diseases -- Nomenclature.
_xIntestines -- Diseases -- Nomenclature.
_xIntestines -- Diseases -- Nomenclature.
_6S62203.1
949 _aRC860
_wLC
_i-23730
_mMEDICAL
_tBOOK
_lON-SHELF
004 24185
999 _c55838
_d55838